[Event "RUS-Cup3"]
[Site "Omsk"]
[Date "1996.??.??"]
[Round "4"]
[White "Makarov, Marat"]
[Black "Starosek, Konstantin"]
[Result "1/2-1/2"]
[WhiteElo "2560"]
[BlackElo "2475"]

1.Nf3 Nf6 2.c4 g6 3.d4 Bg7 4.g3 O-O 5.Bg2 d6 6.O-O Nbd7 7.Qc2 e5 8.Rd1 Re8
9.e4 Qe7 10.Nc3 exd4 11.Nxd4 c6 12.Be3 Ng4 13.Bf4 Nge5 14.b3 Nc5 15.h3 a5
16.Be3 a4 17.Rab1 axb3 18.axb3 f6 19.f4 Nf7 20.Bf2 f5 21.Re1 Qf6 22.b4 Nxe4
23.Nxe4 fxe4 24.Rxe4 Bd7 25.Rbe1 Rxe4 26.Qxe4 Ra2 27.Re2  1/2-1/2

[Event "RUS-Cup3"]
[Site "Omsk"]
[Date "1996.??.??"]
[Round "7"]
[White "Fominyh, Alexander"]
[Black "Chuprov, Dmitry"]
[Result "1-0"]
[WhiteElo "2535"]
[BlackElo "2425"]

1.d4 d6 2.g3 g6 3.Nf3 Bg7 4.Bg2 Nf6 5.c4 O-O 6.O-O c6 7.Nc3 Nbd7 8.e4 e5
9.Be3 Ng4 10.Bg5 Qb6 11.h3 exd4 12.Na4 Qa6 13.hxg4 b5 14.c5 bxa4 15.cxd6 c5
16.Be7 Re8 17.e5 Rb8 18.Re1 h6 19.g5 Nf8 20.Qc1 h5 21.Qxc5 Ne6 22.Qc2 Qb5
23.Rad1 Bd7 24.Nxd4 Nxd4 25.Rxd4 Rec8 26.Qe2 Qxb2 27.Rd2 Qc3 28.Bd5 Bg4 29.Qe3 Qxe3
30.Rxe3 Bf8 31.e6 fxe6 32.Rxe6 Kh7 33.Rf6 Bg7 34.Rf7 Kh8 35.Be4 Rc1+ 36.Kg2 Be6
37.Rxg7 Kxg7 38.d7 Re1 39.Bf6+ Kf7 40.f3 Bxa2 41.Rxa2  1-0

[Event "RUS-Cup3"]
[Site "Omsk"]
[Date "1996.??.??"]
[Round "8"]
[White "Filippov, Valerij"]
[Black "Temirbaev, Serik"]
[Result "1-0"]
[WhiteElo "2565"]
[BlackElo "2480"]

1.Nf3 Nf6 2.c4 g6 3.d4 Bg7 4.g3 O-O 5.Bg2 d6 6.Nc3 Nc6 7.O-O e5 8.d5 Ne7
9.e4 Ne8 10.Ne1 f5 11.Nd3 Nf6 12.Bd2 fxe4 13.Nxe4 Nf5 14.Bc3 Bd7 15.Qd2 Nxe4
16.Bxe4 c5 17.dxc6 Bxc6 18.Bxc6 bxc6 19.c5 Re8 20.cxd6 Qxd6 21.Rad1 e4 22.Bxg7 exd3
23.Bc3 Rad8 24.Rfe1 Rxe1+ 25.Rxe1 c5 26.b3 Qc6 27.Qf4 Nd4 28.Bxd4 Rxd4 29.Qb8+ Kf7
30.Qxa7+ Rd7 31.Qb8 Rd4 32.Qh8 d2 33.Qxh7+ Kf8 34.Rd1 Qe4 35.Qh6+ Kg8 36.Qe3 Qc2
37.Qf3 Qxa2 38.Qc3 Kh7 39.h4 Rd7 40.h5 gxh5 41.Qxc5 Qxb3 42.Qxh5+ Kg7 43.Rxd2 Qb1+
44.Kh2 Rf7 45.Qe5+ Kh7 46.Kg2  1-0

[Event "RUS-Cup3"]
[Site "Omsk"]
[Date "1996.??.??"]
[Round "9"]
[White "Khasin, Alexander"]
[Black "Kuchatova, N."]
[Result "1-0"]
[WhiteElo "2530"]
[BlackElo "2100"]

1.c4 g6 2.d4 Bg7 3.Nf3 Nf6 4.g3 O-O 5.Bg2 d6 6.O-O Nbd7 7.Nc3 e5 8.e4 h6
9.Rb1 a5 10.h3 Nh7 11.dxe5 dxe5 12.Be3 Ng5 13.Nxg5 hxg5 14.Qd2 f6 15.Rfd1 c6
16.Na4 Qe7 17.c5 Re8 18.Rbc1 Kh7 19.Rc3 Rf8 20.Rd3 Rf7 21.Rd6 Bf8 22.Bf3 b5
23.cxb6 Qxd6 24.Qxd6 Bxd6 25.Rxd6 Bb7 26.Bg4 Nf8 27.Nc5 f5 28.exf5 gxf5 29.Bxf5+ Rxf5
30.Nxb7 Rf7 31.Nc5 Rc8 32.b7 Rb8 33.Rxc6 Rfxb7 34.Nxb7 Rxb7 35.b3 Nd7 36.Bxg5 Kg7
37.h4 Kf7 38.h5 e4 39.Bf4 Rb5 40.h6 Rh5 41.Ra6 Nf6 42.Bd2 Ng4 43.Ra7+ Ke6
44.Rxa5 e3 45.Ra6+ Kf5 46.Bxe3 Ne5 47.Ra5 Ke4 48.Kg2 Rf5 49.h7 Rf8 50.Rxe5+ Kxe5
51.Bc1  1-0

[Event "Komercni Banka op"]
[Site "Pardubice"]
[Date "1996.??.??"]
[Round "3"]
[White "Buturin, Vladimir"]
[Black "Lorscheid, Gerhard"]
[Result "1-0"]
[WhiteElo "2445"]
[BlackElo "2315"]

1.d4 d6 2.Nf3 Nf6 3.c4 g6 4.g3 Bg7 5.Bg2 O-O 6.O-O c6 7.Nc3 Qb6 8.e4 Bg4
9.Qd3 Nfd7 10.Na4 Qa6 11.b3 b5 12.cxb5 cxb5 13.Nc3 Nc6 14.Rb1 Bxf3 15.Bxf3 Nxd4
16.Bd1 Ne5 17.Qe3 e6 18.Bb2 Nec6 19.Be2 Qb6 20.Bxb5 Nxb5  1-0

[Event "Komercni Banka op"]
[Site "Pardubice"]
[Date "1996.??.??"]
[Round "3"]
[White "Tunik, Gennady"]
[Black "Onoprienko, Vladimir"]
[Result "1/2-1/2"]
[WhiteElo "2440"]
[BlackElo "2295"]

1.d4 Nf6 2.c4 g6 3.g3 Bg7 4.Bg2 d6 5.Nf3 O-O 6.O-O Nc6 7.Nc3 Bf5 8.b3 Ne4
9.Bb2 Nxc3 10.Bxc3 Be4 11.Qd2 d5 12.Rfd1 e6 13.Rac1 h6 14.e3 g5 15.Qe2 f5
16.b4 dxc4 17.Qxc4 Bd5 18.Qe2 a6 19.Bf1 Qe8 20.Ne1 Ne7 21.Nd3 Bc6 22.Bb2 Rd8
23.a3 Nd5 24.Bg2 Qg6 25.Ne5 Bxe5 26.dxe5 f4 27.e4 f3 28.Bxf3 Bb5 29.Qe1 Rxf3
30.exd5 Rb3 31.Ba1 Rxd5 32.Rxd5 exd5 33.Qd1 Bc4 34.Qg4 Rb1 35.Qc8+ Kh7 36.Qxc7+ Kg8
37.Qc8+ Kh7 38.Qxb7+ Kg8 39.Qb8+ Kh7 40.Qa7+ Kg8  1/2-1/2

[Event "Komercni Banka op"]
[Site "Pardubice"]
[Date "1996.??.??"]
[Round "4"]
[White "Volodin, Viktor"]
[Black "Majer, Jiri"]
[Result "1/2-1/2"]
[WhiteElo "2330"]
[BlackElo "2205"]

1.Nf3 Nf6 2.c4 g6 3.d4 Bg7 4.g3 O-O 5.Bg2 d6 6.O-O Nbd7 7.Nc3 e5 8.e4 exd4
9.Nxd4 Re8 10.h3 Nc5 11.Re1 a5 12.Rb1 c6 13.Bf4 Nh5 14.Be3 Nf6 15.Qc2 Qc7
16.b3 Bd7 17.a3 h6 18.b4 axb4 19.axb4 Ne6 20.Nde2 Ng5 21.Kh2 Qc8 22.Nf4 Ra3
23.Bd2 Ne6 24.Nfe2 Ng5 25.Nf4 Ne6 26.Nce2 Qa8 27.Be3 Ng5 28.Bd4 Ngxe4 29.Ra1 Rxa1
30.Rxa1 Qd8 31.Ra7 Bf5 32.Qb2 g5 33.f3 Nf2 34.b5 gxf4 35.bxc6 bxc6 36.Qb7 Qd7
37.Qb6 Qe6 38.Nxf4 Qxc4 39.Bxf2 Nd7 40.Qa5 c5 41.Nh5 Bd4 42.Qd2 Bxf2 43.Qxh6 Bd4
44.Qg5+ Bg6 45.Rxd7 Qe6 46.Rd8 Rxd8 47.Qxd8+ Kh7 48.Nf4 Qe3 49.h4 Bf5 50.Nh3 Bxh3
51.Kxh3 Qe6+ 52.Kh2 c4 53.f4 c3 54.f5 Qe5 55.Qf8 c2 56.f6 Kg6 57.Qg7+ Kf5
58.Qh7+ Kxf6 59.Qxc2 Ke7  1/2-1/2

[Event "Komercni Banka op"]
[Site "Pardubice"]
[Date "1996.??.??"]
[Round "5"]
[White "Rapoport, Igor"]
[Black "Manik, Mikulas"]
[Result "1-0"]
[WhiteElo "2300"]
[BlackElo "2395"]

1.d4 Nf6 2.Nf3 g6 3.c4 Bg7 4.g3 O-O 5.Bg2 d6 6.O-O Nc6 7.Nc3 a6 8.h3 Rb8
9.Bg5 h6 10.Be3 Na5 11.Nd2 Nd7 12.c5 dxc5 13.dxc5 b6 14.cxb6 Nxb6 15.Qc1 Bb7
16.Bxb7 Rxb7 17.Nb3 Nxb3 18.axb3 Kh7 19.Rxa6 Nd5 20.Rd1 Nxc3 21.bxc3 Qc8
22.b4 Qxh3 23.Bc5 f5 24.Qe3 f4 25.Qe6 Qxe6 26.Rxe6 c6 27.Rd3 fxg3 28.fxg3 Rf6
29.Re4 Rf5 30.Bxe7 h5 31.Bc5 Rbf7 32.Kg2 Bf8 33.Bg1 Bg7 34.Rc4 Rc7 35.e4 Rf6
36.Bd4 Re6 37.Bc5 Re8 38.Bd6 Ra7 39.Bf4 Rae7 40.Rxc6 Rxe4 41.Kf3 R8e7 42.b5 Ra4
43.b6 Be5 44.Re3  1-0

[Event "Komercni Banka op"]
[Site "Pardubice"]
[Date "1996.??.??"]
[Round "5"]
[White "Buturin, Vladimir"]
[Black "Antoniewski, Rafal"]
[Result "1-0"]
[WhiteElo "2445"]
[BlackElo "2350"]

1.d4 Nf6 2.Nf3 g6 3.c4 Bg7 4.g3 O-O 5.Bg2 d6 6.O-O Nbd7 7.Qc2 e5 8.Rd1 Re8
9.e4 c6 10.Nc3 Qe7 11.h3 exd4 12.Nxd4 Nc5 13.Re1 Nfd7 14.Be3 Ne5 15.b3 h5
16.Rad1 a5 17.f4 Ned7 18.Bf2 Qf6 19.Qd2 Bf8 20.Nf3 Ne6 21.Re2 Rd8 22.Nd5 cxd5
23.exd5 Ndc5 24.dxe6 Bxe6 25.Bd4 Qe7 26.f5 gxf5 27.Nh4 Ne4 28.Bxe4 fxe4 29.Rxe4 Re8
30.Rf1 Qd8 31.Bf6 Qb6+ 32.Kh2 Kh7 33.Qg5 Qc5 34.Rf5  1-0

[Event "Komercni Banka op"]
[Site "Pardubice"]
[Date "1996.??.??"]
[Round "6"]
[White "Wendt, Jan Dietrich"]
[Black "Zambor, Norbert"]
[Result "1-0"]
[WhiteElo "2280"]
[BlackElo "2205"]

1.d4 Nf6 2.c4 g6 3.Nf3 Bg7 4.g3 O-O 5.Bg2 d6 6.O-O Nc6 7.d5 Na5 8.Nfd2 c5
9.Nc3 a6 10.Qc2 Rb8 11.b3 b5 12.Bb2 e6 13.Rab1 exd5 14.cxd5 Re8 15.e4 Qc7
16.h3 Bd7 17.Nd1 b4 18.Ne3 Bb5 19.Rfe1 Nd7 20.Bxg7 Kxg7 21.f4 f6 22.h4 Nb7
23.Bh3 Nd8 24.Rbc1 Nf7 25.Nf3 Qa7 26.Kg2 a5 27.g4 h6 28.h5 g5 29.e5 Nf8 30.e6  1-0

[Event "Komercni Banka op"]
[Site "Pardubice"]
[Date "1996.??.??"]
[Round "8"]
[White "Ellers, Holger"]
[Black "Neuman, Petr"]
[Result "1/2-1/2"]
[WhiteElo "2305"]
[BlackElo "2205"]

1.d4 Nf6 2.c4 g6 3.g3 Bg7 4.Bg2 O-O 5.Nf3 d6 6.Nc3 c6 7.O-O Qa5 8.e4 Bg4
9.h3 Bxf3 10.Bxf3 e5 11.d5 cxd5 12.cxd5 Rc8 13.Rb1 Nbd7 14.Bd2 h5 15.a4 Qd8
16.Qe2 Kh7 17.b4 a5 18.Nb5 Nb6 19.Ra1 Nc4 20.Bc3 Bh6 21.Rfb1 h4 22.gxh4 Qd7
23.Kg2 Bf4 24.Ra2 b6 25.Rc2 Bh6 26.Bg4 Nxg4 27.hxg4 axb4 28.Rxb4 Na5 29.f3 Bf4
30.Be1 Rxc2 31.Qxc2 Rc8 32.Qd3 Nb7 33.Rc4 Nc5 34.Qc2 Kg7 35.Bf2 Ra8 36.Nc3 Ra6
37.Bg1 Qa7 38.Bf2 Qd7 39.Rb4 Qa7 40.Rb5 Nxa4 41.Nxa4 Rxa4 42.Rxb6 Ra2 43.Rb2 Rxb2
44.Qxb2 Be3 45.Bxe3 Qxe3 46.Qf2 Qd3 47.Kg3 Qc3 48.g5 Qd3 49.Kg4 Qd1 50.Qh2 Qf1
51.h5 Kg8 52.hxg6 fxg6 53.Kg3 Qc1 54.Kh4 Qe1+ 55.Kh3 Qc1 56.Qg2 Qd1 57.Kg4 Qc1
58.Qh2 Qc8+ 59.Kh4 Qc1  1/2-1/2

[Event "Komercni Banka op"]
[Site "Pardubice"]
[Date "1996.??.??"]
[Round "9"]
[White "Polyakova, Natalia"]
[Black "Antoniewski, Rafal"]
[Result "1-0"]
[WhiteElo "2215"]
[BlackElo "2350"]

1.d4 Nf6 2.c4 g6 3.g3 Bg7 4.Bg2 O-O 5.Nf3 d6 6.O-O Nbd7 7.Qc2 e5 8.Rd1 Re8
9.b3 Qe7 10.Nc3 c6 11.h3 a5 12.e3 h5 13.Ba3 e4 14.Ng5 Nf8 15.Ngxe4 Nxe4 16.Qxe4 Qd8
17.Qf4 c5 18.Ne4 f5 19.Ng5 Bh6 20.h4 Bxg5 21.Qxg5 Qxg5 22.hxg5 Ne6 23.dxc5 dxc5
24.Rd6 a4 25.b4 cxb4 26.Bxb4 a3 27.Rad1 Ra4 28.Rb6 Nxg5 29.Bxb7 Bxb7 30.Rxb7 Nf3+
31.Kg2 Ne5 32.Rd6 Rxb4 33.Rxb4 Rc8 34.Rb7 Nxc4 35.Rxg6+ Kh8 36.Rf6  1-0

[Event "St Petersburg-Paris"]
[Site "Paris"]
[Date "1996.??.??"]
[Round "4"]
[White "Solozhenkin, Evgeniy"]
[Black "Degraeve, Jean Marc"]
[Result "1-0"]
[WhiteElo "2510"]
[BlackElo "2490"]

1.d4 Nf6 2.Nf3 g6 3.c4 Bg7 4.g3 O-O 5.Bg2 d6 6.O-O Nbd7 7.Nc3 e5 8.e4 exd4
9.Nxd4 a6 10.h3 Rb8 11.Rb1 Re8 12.Re1 Nc5 13.b4 Ne6 14.Nb3 b5 15.a4 c5 16.cxb5 cxb4
17.Nd5 Nxd5 18.exd5 Nc5 19.Rxe8+ Qxe8 20.Nxc5 dxc5 21.Bf4 axb5 22.Bxb8 bxa4
23.Bd6 Qb5 24.Rc1 Bd4 25.Qe1  1-0

[Event "Paris op"]
[Site "Paris"]
[Date "1996.??.??"]
[Round "6"]
[White "Dizdar, Goran"]
[Black "Agnos, Demetrios"]
[Result "1-0"]
[WhiteElo "2525"]
[BlackElo "2460"]

1.d4 Nf6 2.Nf3 g6 3.c4 Bg7 4.g3 O-O 5.Bg2 d6 6.O-O a6 7.Nc3 Nc6 8.d5 Na5
9.Nd2 c5 10.Rb1 Rb8 11.b3 b5 12.Bb2 bxc4 13.bxc4 Bh6 14.Ba1 Rxb1 15.Ncxb1 e5
16.dxe6 Bxe6 17.Qa4 Bd7 18.Qa3 Bg7 19.Bc3 Nc6 20.Qxa6 Qa8 21.Qxa8 Rxa8 22.a3 Ng4
23.h3 Bxc3 24.Nxc3 Nge5 25.f4 Rxa3 26.fxe5 Rxc3 27.Ne4  1-0

[Event "Paris op"]
[Site "Paris"]
[Date "1996.??.??"]
[Round "8"]
[White "Izeta Txabarri, Felix"]
[Black "Agnos, Demetrios"]
[Result "1-0"]
[WhiteElo "2470"]
[BlackElo "2460"]

1.d4 Nf6 2.Nf3 g6 3.c4 Bg7 4.g3 O-O 5.Bg2 d6 6.Nc3 Nc6 7.O-O a6 8.d5 Na5
9.Nd2 c5 10.Qc2 Rb8 11.b3 b5 12.Bb2 Bh6 13.f4 bxc4 14.bxc4 e5 15.dxe6 Bxe6
16.Nd5 Rxb2 17.Qxb2 Bg7 18.Qc1 Bxd5 19.Bxd5 Nxd5 20.cxd5 Bxa1 21.Qxa1 Re8
22.e4 Qc7 23.e5 dxe5 24.Ne4 Kg7 25.d6 Qc6 26.fxe5 Qxe4 27.e6+ Kh6 28.Qc1+ g5
29.h4 Qe5 30.Qxg5+  1-0

[Event "Parnu-B"]
[Site "Parnu"]
[Date "1996.??.??"]
[Round "3"]
[White "Kengis, Edvins"]
[Black "Sepp, Olav"]
[Result "1-0"]
[WhiteElo "2570"]
[BlackElo "2440"]

1.Nf3 Nf6 2.g3 g6 3.Bg2 Bg7 4.d4 O-O 5.c4 d6 6.O-O c6 7.Nc3 Qa5 8.e4 Bg4
9.h3 Bxf3 10.Bxf3 e5 11.Be3 Nbd7 12.Rb1 exd4 13.Bxd4 Ne5 14.b4 Qc7 15.Be2 Rfe8
16.f4 Ned7 17.Bf3 Rad8 18.Bf2 h5 19.Qb3 Nf8 20.Bg2 N6h7 21.Rbd1 Ne6 22.Ne2 Kh8
23.Kh1 a6 24.Bg1 Qe7 25.Qc2 h4 26.Rd3 hxg3 27.Rxg3 Nef8 28.c5 Ne6 29.f5 Nef8
30.fxg6 Nxg6 31.cxd6 Rxd6 32.Bc5 Be5 33.Rgf3 Nh4 34.Rxf7 Qg5 35.Nf4 Rf6 36.Nd3 Rxf1+
37.Rxf1 Rg8 38.Nxe5 Qxe5 39.Qf2 Rxg2 40.Bd4 Rh2+ 41.Qxh2 Qxd4 42.Qb8+ Kg7
43.Qc7+ Kh8 44.Qc8+ Kg7 45.Qxb7+ Kh6 46.Qxc6+ Ng6 47.Rg1 Nf6 48.Qe6 Nh4 49.Rf1 Kg5
50.a4 Qxe4+ 51.Qxe4 Nxe4 52.Kh2 Nc3 53.b5 axb5 54.a5 Nf5 55.a6 Nd5 56.a7 Nb6
57.Rg1+ Kf4 58.Rg6  1-0

[Event "ARG-ch"]
[Site "Pena City"]
[Date "1996.??.??"]
[Round "1"]
[White "Garcia, Raimundo"]
[Black "Fiorito, Fabian"]
[Result "0-1"]
[WhiteElo "2380"]
[BlackElo "2470"]

1.Nf3 Nf6 2.c4 g6 3.d4 Bg7 4.g3 O-O 5.Bg2 d6 6.Nc3 c6 7.O-O Qb6 8.b3 e5 9.d5 cxd5
10.cxd5 Ne8 11.e4 Qd8 12.Bd2 a6 13.Rc1 Nd7 14.Qe2 b5 15.Rc2 b4 16.Na4 a5
17.Rfc1 Ba6 18.Qe1 Bd3 19.Rb2 Nef6 20.Nh4 Bb5 21.f3 Bxa4 22.bxa4 Nc5 23.Qe2 Nxa4
24.Rbc2 Nc5 25.Be3 Nfd7 26.Bh3 Bf6 27.Ng2 Bg5 28.Bxd7 Bxe3+ 29.Nxe3 Qxd7
30.Nc4 Na4 31.Qf2 f5 32.Nb6 Nxb6 33.Rc7 Qb5 34.Qd2 Rac8 35.Qh6 Rxc7 36.Rxc7 Nd7  0-1

[Event "ARG-ch"]
[Site "Pena City"]
[Date "1996.??.??"]
[Round "4"]
[White "Valerga, Diego"]
[Black "Llanos, Guillermo"]
[Result "1/2-1/2"]
[WhiteElo "2445"]
[BlackElo "2400"]

1.d4 Nf6 2.c4 g6 3.Nf3 Bg7 4.g3 O-O 5.Bg2 d6 6.O-O Nc6 7.Nc3 a6 8.h3 Rb8
9.Be3 b5 10.cxb5 axb5 11.Nd2 Bd7 12.Rc1 e6 13.Nde4  1/2-1/2

[Event "ARG-ch"]
[Site "Pena City"]
[Date "1996.??.??"]
[Round "7"]
[White "Garcia, Raimundo"]
[Black "Valerga, Diego"]
[Result "0-1"]
[WhiteElo "2380"]
[BlackElo "2445"]

1.d4 Nf6 2.c4 g6 3.Nf3 Bg7 4.g3 O-O 5.Bg2 d6 6.Nc3 Nc6 7.O-O Bf5 8.d5 Na5
9.Nd4 Bd7 10.b3 c5 11.dxc6 Nxc6 12.Bb2 Qa5 13.Nc2 Rfc8 14.Qd2 Rab8 15.Ne3 a6
16.Rfc1 b5 17.cxb5 axb5 18.Ne4 Nxe4 19.Qxa5 Nxa5 20.Bxg7 Nxg3 21.hxg3 Kxg7
22.Nd5 Nc6 23.e3 e6 24.Nf4 d5 25.Nd3 Kf6 26.f4 Ke7 27.Rc5 h5 28.Rd1 Be8 29.e4 dxe4
30.Bxe4 Nd4 31.Kf2 Rxc5 32.Nxc5 Rc8 33.Nb7 Nf5 34.Rd2 Rc3 35.Bxf5 gxf5 36.Na5 f6
37.Re2 h4 38.gxh4 Rh3 39.Ke1 Rxh4 40.Rf2 Bd7 41.Nb7 Bc6 42.Nc5 Kd6 43.b4 Rh1+
44.Kd2 Bd5 45.Kc3 Rh3+ 46.Kb2 Re3 47.Rd2 Kc6 48.Rc2 Kd6 49.Rd2 Ke7 50.Rf2 Kf7
51.Rd2 Rf3 52.Rd4 Rf2+ 53.Kc3 Rxa2 54.Nd3 Kg6 55.Nb2 Ra3+ 56.Kd2 Be4 57.Rd6 Rb3
58.Nd1 Kf7  0-1

[Event "Pico City op"]
[Site "Pico City"]
[Date "1996.??.??"]
[Round "3"]
[White "Panno, Oscar"]
[Black "Servat, Roberto"]
[Result "1-0"]
[WhiteElo "2485"]
[BlackElo "2435"]

1.d4 Nf6 2.c4 g6 3.Nf3 Bg7 4.g3 O-O 5.Bg2 d6 6.O-O Nc6 7.d5 Na5 8.Qa4 c5
9.Bd2 b6 10.Bc3 Bd7 11.Qc2 e5 12.dxe6 Bxe6 13.Ng5 Rc8 14.Nxe6 fxe6 15.Bxa5 bxa5
16.Nc3 Qb6 17.Rad1 Rcd8 18.Rd2 Kh8 19.b3 a6 20.Rfd1 Ng4 21.e3 Qb4 22.Ne4 d5
23.h3 Nf6 24.Ng5 Rde8 25.cxd5 exd5 26.Bxd5 Nxd5 27.Rxd5 h6 28.a3 Qc3 29.Qxg6 hxg5
30.Rxg5 Re7 31.Rh5+ Kg8 32.Qh7+ Kf7 33.Rf5+ Ke6 34.Rxf8 Bxf8 35.Qg6+  1-0

[Event "SVK-CRO"]
[Site "Piestany"]
[Date "1996.??.??"]
[Round "?"]
[White "Petek Medic, Mirjana"]
[Black "Hagarova, Zuzana"]
[Result "1-0"]
[WhiteElo "2320"]
[BlackElo "2260"]

1.d4 Nf6 2.c4 g6 3.Nf3 Bg7 4.g3 O-O 5.Bg2 d6 6.O-O Nbd7 7.Nc3 e5 8.e4 exd4
9.Nxd4 Re8 10.h3 Nc5 11.Re1 c6 12.Qc2 a5 13.Be3 Qc7 14.Rad1 Bd7 15.b3 Rad8
16.f4 Re7 17.Bf2 Rde8 18.a3 Nh5 19.b4 axb4 20.axb4 Na6 21.Qb3 Kh8 22.Re2 f5
23.exf5 gxf5 24.Rde1 Qd8 25.Kh2 Nf6 26.Rxe7 Rxe7 27.Rxe7 Qxe7 28.Qb1 Qf7
29.b5 Nc5 30.bxc6 bxc6 31.Nxf5 Bxf5 32.Qxf5 Qxc4 33.Bxc5 Qxc5 34.Qc8+ Ng8
35.Ne4 Qd4 36.Ng5 h6 37.Nf7+  1-0

[Event "JUG-ch Podgorica"]
[Site "Podgorica"]
[Date "1996.??.??"]
[Round "10"]
[White "Drasko, Milan"]
[Black "Damljanovic, Branko"]
[Result "1/2-1/2"]
[WhiteElo "2505"]
[BlackElo "2510"]

1.d4 Nf6 2.c4 g6 3.Nf3 Bg7 4.g3 O-O 5.Bg2 d6 6.O-O Nbd7 7.Qc2 e5 8.Rd1 Qe7
9.Nc3 c6 10.b3 Re8 11.e4 exd4 12.Nxd4 Nc5 13.f3 Nfd7 14.Nce2 a5 15.Rb1 Nf8
16.Bb2 Be5 17.Qd2 Nfe6 18.f4 Nxd4 19.Nxd4 Bg7 20.Re1 Qc7 21.h3 a4 22.b4 a3
23.Ba1 Na4 24.Nc2 Nb2 25.Nxa3 Rxa3 26.Bxb2 Rxa2 27.Qc1 Qb6+ 28.c5 dxc5 29.bxc5 Bxb2
30.cxb6 Bxc1 31.Rexc1 Be6 32.g4 Kg7 33.f5 gxf5 34.exf5 Bd5 35.Bxd5 cxd5 36.Re1 Rxe1+
37.Rxe1 Rb2 38.Re5 Rb5 39.g5 h6 40.h4 hxg5 41.hxg5 Rxb6 42.Rxd5 Rc6 43.Rb5 Rc4  1/2-1/2

[Event "JUG-ch Podgorica"]
[Site "Podgorica"]
[Date "1996.??.??"]
[Round "12"]
[White "Drasko, Milan"]
[Black "Mozetic, Dejan"]
[Result "1/2-1/2"]
[WhiteElo "2505"]
[BlackElo "2495"]

1.d4 Nf6 2.c4 g6 3.Nf3 Bg7 4.g3 O-O 5.Bg2 d6 6.O-O Nbd7 7.Qc2 e5 8.Rd1 Re8
9.Nc3 c6 10.e4 Qe7 11.b3 a5 12.Bb2 exd4 13.Nxd4 Nc5 14.Re1 h5 15.Rad1 h4
16.a3 hxg3 17.hxg3 Ng4 18.b4 axb4 19.axb4 Na6 20.Na2 Qc7 21.Nb3 Bxb2 22.Qxb2 Be6
23.Qc3 Qb6 24.Rd2 Nc7 25.Nac1 Ra3 26.c5 dxc5 27.Qxc5 Qxc5 28.Nxc5 b6 29.Nxe6 Nxe6
30.Rd6 Rc3 31.e5 Ng5 32.Rxc6 Rxc6 33.Bxc6 Rxe5 34.Rxe5 Nxe5 35.Bd5 Ngf3+  1/2-1/2

[Event "JUG-ch Podgorica"]
[Site "Podgorica"]
[Date "1996.??.??"]
[Round "12"]
[White "Blagojevic, Dragisa"]
[Black "Pikula, Dejan"]
[Result "1/2-1/2"]
[WhiteElo "2450"]
[BlackElo "2455"]

1.d4 Nf6 2.c4 g6 3.Nf3 Bg7 4.g3 O-O 5.Bg2 d6 6.O-O Nc6 7.Nc3 a6 8.b3 Rb8
9.e3 b5 10.Qe2 b4 11.Nd5 Nh5 12.Bb2 e6 13.Nf4 Nxf4 14.exf4 Ne7 15.Rfd1 Bb7
16.Ne1 Bxg2 17.Nxg2 c6 18.Ne3 Nf5 19.a3 a5 20.axb4 Rxb4 21.Nxf5 exf5 22.Qc2 Qb6
23.Ba3 Rxb3 24.Bxd6 Ra8 25.Bc7 Rb2 26.Bxb6 Rxc2 27.Rxa5  1/2-1/2

[Event "POL-chTJ"]
[Site "Poland"]
[Date "1996.??.??"]
[Round "?"]
[White "Ogiewka, Rafal"]
[Black "Jablonski, Lukasz"]
[Result "1/2-1/2"]
[WhiteElo "2085"]
[BlackElo "2055"]

1.d4 Nf6 2.Nf3 g6 3.c4 Bg7 4.g3 O-O 5.Bg2 d6 6.Nc3 c6 7.O-O Qa5 8.h3 Nbd7
9.e4 Rb8 10.Be3 Nb6 11.Qd3 Na4 12.Nxa4 Qxa4 13.Nd2 Bd7  1/2-1/2

[Event "POL-chTJ"]
[Site "Poland"]
[Date "1996.??.??"]
[Round "?"]
[White "Ogiewka, Rafal"]
[Black "Lupkowski, Edward"]
[Result "1/2-1/2"]
[WhiteElo "2085"]
[BlackElo "2180"]

1.c4 Nf6 2.Nf3 g6 3.d4 Bg7 4.g3 O-O 5.Bg2 d6 6.Nc3 Nbd7 7.O-O e5 8.e4 Re8
9.h3 exd4 10.Nxd4 Nc5 11.Re1 a5 12.b3 c6 13.Bf4 a4 14.b4 Ne6 15.Nxe6 Bxe6
16.Bxd6 Bxc4 17.e5  1/2-1/2

[Event "POL-ch"]
[Site "Poland"]
[Date "1996.??.??"]
[Round "6"]
[White "Grabarczyk, Miroslaw"]
[Black "Kempinski, Robert"]
[Result "1/2-1/2"]
[WhiteElo "2505"]
[BlackElo "2475"]

1.d4 Nf6 2.c4 g6 3.Nf3 Bg7 4.g3 O-O 5.Bg2 d6 6.Nc3 Nbd7 7.O-O e5 8.e4 c6
9.h3 Qb6 10.d5 Nc5 11.Qe2 Qa6 12.Bg5 cxd5 13.Bxf6 Bxf6 14.Nxd5 Bd8 15.b4  1/2-1/2

[Event "POL-ch"]
[Site "Poland"]
[Date "1996.??.??"]
[Round "12"]
[White "Matlak, Marek"]
[Black "Socko, Bartosz"]
[Result "1/2-1/2"]
[WhiteElo "2450"]
[BlackElo "2455"]

1.d4 Nf6 2.Nf3 g6 3.c4 Bg7 4.g3 O-O 5.Bg2 d6 6.O-O Nbd7 7.Qc2 e5 8.Rd1 exd4
9.Nxd4 Re8 10.Nc3 a6 11.b3 Rb8 12.Bb2 c5 13.Nf3 b5 14.cxb5 axb5 15.Rxd6 b4
16.Na4 Qe7 17.Rad1 Ne4 18.R6d5 Bxb2 19.Qxb2 Nef6 20.R5d2 Ne4 21.Rd5 Nef6
22.R5d2 Ne4 23.Rd5  1/2-1/2

[Event "Polanica Zdroj op"]
[Site "Polanica Zdroj"]
[Date "1996.??.??"]
[Round "2"]
[White "Rustemov, Alexander"]
[Black "Kaula, Roman"]
[Result "1-0"]
[WhiteElo "2495"]
[BlackElo "2315"]

1.d4 Nf6 2.Nf3 g6 3.g3 Bg7 4.Bg2 d6 5.c4 O-O 6.Nc3 Nbd7 7.d5 Nc5 8.Be3 Bg4
9.Nd4 e5 10.dxe6 Nxe6 11.Nb3 h5 12.Bxb7 Bh3 13.Bxa8 Qxa8 14.f3 Ng4 15.Bf2 Re8
16.Qd5 c6 17.Qxd6 Ng5 18.Qf4 Nxf3+ 19.Qxf3 Ne5 20.Qe3 Nxc4 21.Qc5 Nxb2 22.Rd1 Nxd1
23.Kxd1 Qd8+ 24.Kc1 Re5 25.Qd4 Qe7 26.Qxa7 Qg5+ 27.e3 Qf6 28.Be1 Qf3 29.Rg1 Rxe3
30.Nd1 Re4 31.Qa8+ Kh7 32.Qxc6 Be6 33.Rf1 Qe2 34.Nd2 Rb4 35.Nc3 Qe5 36.Nf3 Qa5
37.Nb1 Rxb1+ 38.Kxb1 Qxa2+ 39.Kc1 Bf8 40.Ng5+ Kg8 41.Nxe6  1-0

[Event "Rubinstein mem"]
[Site "Polanica Zdroj"]
[Date "1996.??.??"]
[Round "6"]
[White "Huebner, Robert"]
[Black "Kempinski, Robert"]
[Result "1-0"]
[WhiteElo "2595"]
[BlackElo "2510"]

1.d4 Nf6 2.Nf3 g6 3.c4 Bg7 4.g3 O-O 5.Bg2 d6 6.O-O Nbd7 7.Nc3 e5 8.e4 c6
9.h3 exd4 10.Nxd4 Nc5 11.Re1 Re8 12.Bf4 Nh5 13.Be3 Nf6 14.Qc2 a5 15.Rad1 Nfd7
16.Nb3 Qe7 17.f4 a4 18.Nd4 Nb6 19.b4 Na6 20.Nxc6 bxc6 21.Bxb6 Nxb4 22.Qd2 Be6
23.Nd5 cxd5 24.exd5 Nxd5 25.cxd5 Qb7 26.dxe6 Qxb6+ 27.Kh2 Rad8 28.exf7+ Kxf7
29.Qd5+ Kf8 30.f5 Qc5 31.fxg6 Qxd5 32.Bxd5 Rxe1 33.Rxe1 hxg6 34.Rf1+ Ke8
35.Bf7+ Ke7 36.Bxg6 Be5 37.Rf7+ Ke6 38.Rf3 d5 39.h4 Bd6 40.Kh3 Rb8 41.Bf7+ Ke5
42.Re3+ Kd4 43.Re1 Rb5 44.Rd1+ Ke4 45.g4 Rc5 46.g5 Rc3+ 47.Kg4 Rg3+ 48.Kh5 d4
49.Bg6+ Kd5 50.Bc2 a3 51.Kg6 Rg2 52.Bb3+ Ke4 53.Re1+ Kd3 54.Kf5 Kd2 55.Re6 Rf2+
56.Kg6 Bb4 57.h5 d3 58.h6 Bc3 59.Rd6 Rf4 60.Kh7 Rb4 61.Be6 Ke2 62.g6 d2 63.g7  1-0

[Event "Polanica Zdroj op"]
[Site "Polanica Zdroj"]
[Date "1996.??.??"]
[Round "8"]
[White "Swol, Michal"]
[Black "Cmilyte, Viktorija"]
[Result "0-1"]
[WhiteElo "2295"]
[BlackElo "2110"]

1.d4 Nf6 2.c4 g6 3.Nf3 Bg7 4.g3 O-O 5.Bg2 d6 6.O-O Nbd7 7.Nc3 e5 8.h3 c6
9.e4 Qb6 10.c5 dxc5 11.dxe5 Ne8 12.Bg5 Nc7 13.Na4 Qa5 14.Be7 Re8 15.Bd6 Ne6
16.b3 b5 17.Nb2 Bb7 18.Nd3 Rad8 19.Qc2 Qb6 20.Rac1 Bh6 21.Rb1 a5 22.h4 Bg7
23.Bh3 Nd4 24.Nxd4 cxd4 25.Bxd7 Rxd7 26.Rfd1 f6 27.Nc5 Rdd8 28.Nxb7 Qxb7
29.Rxd4 fxe5 30.Rd3 Rd7 31.Rbd1 Red8 32.Kf1 Qa6 33.Kg2 b4 34.R3d2 Bh6 35.f4 exf4
36.gxf4 Qc8 37.Qc4+ Rf7 38.Kg3 Rxd6 39.Rxd6 Bxf4+ 40.Kg2 Qg4+  0-1

[Event "Helma op"]
[Site "Pribram"]
[Date "1996.??.??"]
[Round "?"]
[White "Riska, Lubomir"]
[Black "Civin, Tomas"]
[Result "0-1"]
[WhiteElo "2090"]
[BlackElo "2240"]

1.Nf3 g6 2.c4 Bg7 3.d4 Nf6 4.g3 O-O 5.Bg2 d6 6.O-O c5 7.Nc3 Nc6 8.dxc5 dxc5
9.Be3 Be6 10.Bxc5 Qa5 11.Ba3 Bxc4 12.Nd2 Be6 13.Nb3 Qh5 14.Nc5 Bh3 15.Nd3 Bh6
16.Re1 Ng4 17.Bf3 Rfd8 18.Qa4 e5 19.Ne4 Qf5 20.Nd6 Rxd6 21.Bxd6 Rd8 22.Ba3 Nd4
23.Bxg4 Qxg4 24.Qa5 Re8 25.Nxe5 Qe4 26.Nf3 Be3 27.Qc3 Nxf3+  0-1

[Event "CRO-Cup"]
[Site "Pula"]
[Date "1996.??.??"]
[Round "?"]
[White "Jukic, Mirko"]
[Black "Milasin, Miljenko"]
[Result "1-0"]
[WhiteElo "2470"]
[BlackElo "2290"]

1.Nf3 Nf6 2.c4 g6 3.g3 Bg7 4.Bg2 d6 5.d4 O-O 6.O-O Nbd7 7.Nc3 c6 8.e4 e5
9.b3 Qb6 10.d5 Nc5 11.Nd2 a5 12.Qe2 Bd7 13.Rb1 Rfc8 14.Rd1 Bg4 15.Bf3 h5
16.Bxg4 Nxg4 17.Nf3 Rd8 18.h3 Nf6 19.Be3 Qb4 20.Qc2 Rac8 21.Ne1 cxd5 22.Nxd5 Nxd5
23.Rxd5 Qa3 24.Nd3 Nxd3 25.Qxd3 a4 26.Qd2 axb3 27.axb3 Qa6 28.Rd1 Bf6 29.Qb4 Qa2
30.R5d2 Qa8 31.Bb6 Rd7 32.Rd5 Rc6 33.Ra5 Qe8 34.Be3 Qe6 35.Kg2 Kg7 36.Rb5 Qe7
37.Rd3 Ra6 38.Qd2 Rc7 39.Bb6 Rc6 40.Ba5 Qe6 41.Bb4 Be7 42.Rxb7 Rab6 43.Rxb6 Rxb6
44.Ba5 Rb7 45.Rf3 h4 46.g4 Ra7 47.Bb6 Rb7 48.Be3 f6 49.Qa5 g5 50.Bd2 Qc8
51.Qd5 Ra7 52.Bxg5  1-0